[Event "Olympiad Women 2024"]
[Site "Budapest HUN"]
[Date "2024.09.12"]
[Round "2.48"]
[Board "2"]
[White "Jeda Helal"]
[Black "Namangale, Susan"]
[Result "1-0"]
[WhiteElo "1569"]
[BlackElo "1521"]
[PlyCount "97"]
[EventDate "2024.09.11"]
[WhiteTeam "Jordan"]
[BlackTeam "Malawi"]
[WhiteTeamCountry "JOR"]
[BlackTeamCountry "MWI"]

1. e4 e6 2. d4 c5 3. Nf3 b6 4. c4 ({RR} 4. Nc3 Be7 5. d5 d6 6. Bb5+ Bd7 7. a4 e5 8. O-O g5 9. a5 Bxb5 10. Nxb5 a6 11. axb6 Qxb6 12. Nc3 h6 13. Nd2 Nf6 14. Nc4 Qb7 15. Qd3 Rg8 16. Ne2 Nbd7 17. Ng3 Rg6 18. Ra3 Kf8 {1-0 Jovanovic,Z (2407)-Mrkonjic,N (2399) Borovo op 2003 (9)}) 4... cxd4 ({RR} 4... d6 5. Nc3 Nf6 6. Bd3 Bb7 7. d5 exd5 8. exd5 Be7 9. O-O O-O 10. Bf4 a6 11. Qd2 Nbd7 12. Rfe1 Re8 13. h3 Nf8 14. Re2 Ng6 15. Bh2 Qd7 16. Qc2 Bf8 17. Rae1 Rxe2 18. Rxe2 Rb8 19. g4 {0-1 Ibrahim,A (1650)-El Shenawy,A (2028) Al Ain Overseas Int 2023 (9.15)}) 5. Nxd4 e5 $146 ({RR} 5... Bb7 6. Bd3 Nc6 7. Nxc6 dxc6 8. O-O Nf6 9. e5 Nd7 10. Qe2 Qc7 11. f4 g6 12. Nc3 Be7 13. a3 c5 14. Bd2 Rd8 15. Rad1 a6 16. Ne4 Nb8 17. Bc3 Nc6 18. Nd6+ Kf8 19. Be4 Ba8 20. Kh1 {0-1 Lewis,J-Slimani,A (2205) Olympiad-27 Dubai 1986 (13)}) ({RR} 5... Bb7 6. Bd3 Nc6 7. Nxc6 dxc6 8. O-O Qc7 9. Nc3 Nf6 10. Qe2 Bd6 11. f4 e5 12. f5 Bc5+ 13. Be3 Qe7 14. Na4 Bxe3+ 15. Qxe3 O-O-O 16. Be2 Rd4 17. Nc3 Rhd8 18. Rad1 Qc5 19. Rde1 Nd7 20. Kh1 {1-0 Stanetzek,C (2160)-Olbrisch,M (2080) Lohmar 9899 1998 (6)}) 6. Nf5 Qc7 7. Nc3 a6 8. Nd5 Qc6 9. Be3 Bc5 10. Nxg7+ Kf8 11. Bxc5+ bxc5 12. Nf5 d6 13. Qg4 Bxf5 14. Qxf5 Nd7 15. Be2 Ne7 16. Qh3 Nxd5 17. cxd5 Qb7 18. O-O Nf6 19. Qf5 Ke7 20. f4 Qd7 21. fxe5 Qxf5 22. exd6+ Kxd6 23. Rxf5 Nxe4 24. Bd3 Rae8 25. Re1 Nd2 26. Rd1 c4 27. Rxd2 cxd3 28. Rxd3 Re7 29. Rf6+ Kd7 30. h3 Re1+ 31. Kh2 Rb8 32. Rxf7+ Re7 33. Rxe7+ Kxe7 34. d6+ Kd7 35. Rd2 Rb6 36. Kg3 Rb8 37. Kf4 Rf8+ 38. Kg5 Rf7 39. Kh6 a5 40. b3 Kd8 41. d7 Re7 42. g4 Rf7 43. g5 Re7 44. h4 Rf7 45. h5 Re7 46. g6 hxg6 47. hxg6 Re6 48. Kh7 Re7+ 49. g7 1-0

[Event "Olympiad Women 2024"]
[Site "Budapest HUN"]
[Date "2024.09.12"]
[Round "2.48"]
[Board "3"]
[White "Msukwa, Tupokiwe"]
[Black "Boshra, Alshaeby"]
[Result "0-1"]
[WhiteElo "1674"]
[BlackElo "1939"]
[PlyCount "136"]
[EventDate "2024.09.11"]
[WhiteTeam "Malawi"]
[BlackTeam "Jordan"]
[WhiteTeamCountry "MWI"]
[BlackTeamCountry "JOR"]

1. d4 Nf6 2. c4 e6 3. Nc3 Bb4 4. Bd2 c5 5. e3 cxd4 6. exd4 Nc6 7. Nf3 d5 8. a3 Bxc3 9. Bxc3 O-O 10. Be2 dxc4 11. Bxc4 b6 12. O-O Bb7 $146 ({RR} 12... Qc7 13. Bd3 Rd8 14. Re1 Bb7 15. Rc1 Qd6 16. Bb1 a5 17. Qc2 Qd5 18. Rcd1 Rac8 19. Qd2 h6 20. h3 Rd7 21. Qe2 b5 22. Qd2 Ra8 23. b4 axb4 24. axb4 Rc7 25. Re2 Ra3 26. Ba2 Qf5 27. Qb2 {½-½ Jahangirian,M (1667)-Maris,N (1644) Perth Respini-B 2005 (4)}) 13. Qd3 Nd5 14. Rad1 Nce7 15. g3 Rc8 16. Ba2 Ng6 17. Bd2 Rc7 18. Rc1 Rd7 19. Bb1 Nf6 20. Bc3 e5 21. Qf5 Ne7 22. Qg5 Bxf3 23. dxe5 Nfd5 24. Bd4 h6 25. Qh4 Ng6 26. Qh3 Ngf4 27. gxf4 Nxf4 28. Qxf3 Rxd4 29. Rfd1 Qg5+ 30. Kf1 Ne6 31. Rxd4 Qxc1+ 32. Rd1 Qxb2 33. Qd3 g6 34. Qh3 Qb5+ 35. Bd3 Qxe5 36. Qxh6 Qg5 37. Qh3 Rd8 38. Be2 Rxd1+ 39. Bxd1 Qd2 40. Qg4 Nf4 41. Qc8+ Kg7 42. Qc2 Qd4 43. Qa4 Qe5 44. Qb3 Qa1 45. Qf3 Ne6 46. Kg2 Nd4 47. Qd3 Ne6 48. Qf3 Qe5 49. Qe3 Nf4+ 50. Kf3 Qxe3+ 51. fxe3 Ne6 52. Ke4 Kf6 53. h4 Nc5+ 54. Kd4 Ke6 55. Bg4+ f5 56. Bf3 Kd6 57. Bd1 Ne6+ 58. Kc4 Ke5 59. Bc2 Nc7 60. a4 Nd5 61. Kb5 Nxe3 62. Bd3 Nd5 63. Ka6 Nb4+ 64. Kxa7 Nxd3 65. Kxb6 Kd4 66. a5 Nc5 67. Kc6 f4 68. Kd6 f3 0-1

[Event "Olympiad Women 2024"]
[Site "Budapest HUN"]
[Date "2024.09.12"]
[Round "2.48"]
[Board "4"]
[White "Ruba Al-Qudah"]
[Black "Jaylos Rachel"]
[Result "1-0"]
[WhiteElo "1937"]
[BlackElo "1540"]
[PlyCount "55"]
[EventDate "2024.09.11"]
[WhiteTeam "Jordan"]
[BlackTeam "Malawi"]
[WhiteTeamCountry "JOR"]
[BlackTeamCountry "MWI"]

1. e4 e5 2. Bc4 Nf6 3. d3 h6 4. Nf3 Nc6 5. c3 a6 6. O-O Bc5 7. d4 exd4 8. cxd4 Ba7 9. e5 Ne4 $146 ({RR} 9... Nh7 10. d5 Na5 11. Bd3 b5 12. Qc2 Ng5 13. Nxg5 hxg5 14. d6 c6 15. Nc3 f6 16. Bg6+ Kf8 17. Bxg5 Nc4 18. exf6 gxf6 19. Qf5 Nxd6 20. Bxf6 Nxf5 21. Bxd8 Ne7 22. Bxe7+ Kxe7 23. Rfe1+ Kd8 24. Re2 {1-0 Balla,A (1704)-Segyevy,D HUN-chT U18 Miskolc 2008 (4.19)}) ({RR} 9... Nh7 10. d5 Ne7 11. d6 cxd6 12. exd6 Nf5 13. Re1+ Kf8 14. g4 Nh4 15. Re7 Nxf3+ 16. Qxf3 Ng5 17. Bxg5 hxg5 18. Qxf7# {1-0 Medeuf,Y (2038)-Evers,S (1541) Martinique-ch 2016 (5)}) 10. Re1 Ng5 11. Nxg5 hxg5 12. Qg4 Qe7 13. Qxg5 Qb4 14. Nc3 Qxc4 15. Qxg7 Rh5 16. Qg8+ Ke7 17. Bg5+ Rxg5 18. Qxg5+ Kf8 19. Qh6+ Ke8 20. d5 Bxf2+ 21. Kxf2 Qd4+ 22. Kf1 Nxe5 23. Qh8+ Ke7 24. Rxe5+ Kd6 25. Ne4+ Qxe4 26. Rxe4 b5 27. Rc1 c5 28. Qe5# 1-0

[Event "Olympiad Women 2024"]
[Site "Budapest HUN"]
[Date "2024.09.12"]
[Round "2.49"]
[Board "1"]
[White "De la Riva Real, Ariadna"]
[Black "Spinola, Divania"]
[Result "1-0"]
[WhiteElo "1823"]
[BlackElo "1583"]
[PlyCount "42"]
[EventDate "2024.09.11"]
[WhiteTeam "Andorra"]
[BlackTeam "Cape Verde"]
[WhiteTeamCountry "AND"]

1. e4 e5 2. Nf3 d6 3. d4 Nf6 4. Nc3 Be7 5. dxe5 dxe5 ({RR} 5... Nfd7 6. exd6 Bxd6 7. Bg5 Be7 8. Bxe7 Qxe7 9. Qd2 c6 10. O-O-O O-O 11. Bd3 b5 12. Rhe1 Nc5 13. e5 Be6 14. Kb1 Nba6 15. Qg5 Qc7 16. Bf5 b4 17. Ne4 Bxa2+ 18. Kc1 Nxe4 19. Bxe4 Bd5 20. Bxh7+ {1-0 Karmenov,B (2046)-Nyshanbayev,B (2091) FIDE World Rapid Team 2024 (9.26)}) 6. Qxd8+ Kxd8 $146 ({RR} 6... Bxd8 7. Nxe5 Nfd7 8. Bf4 Nxe5 9. Bxe5 O-O 10. O-O-O Nc6 11. Bg3 a6 12. Bc4 Be6 13. Bxe6 fxe6 14. Rd7 Rf7 15. Rhd1 Rxd7 16. Rxd7 Rc8 17. Ne2 Nb8 18. Rd3 Nc6 19. a3 Bf6 20. Rd7 Be5 21. Bxe5 {½-½ Tranvouez,Y (1590)-Deslias,A (1490) Hennebont Grand Prix 2006 (5)}) ({RR} 6... Bxd8 7. Nxe5 O-O 8. Be3 c6 9. f3 Bc7 10. Nd3 Nbd7 11. O-O-O Re8 12. g3 Nd5 13. Bd4 Bb6 14. Nxd5 cxd5 15. Bxb6 Nxb6 16. exd5 Nxd5 17. Nc5 Ne3 18. Bb5 Nxd1 19. Bxe8 Ne3 20. Re1 Nf5 21. Bc6 {1-0 Guseinov,G (2609)-Lorscheid,G (2328) EU-ch 11th Rijeka 2010 (1)}) ({RR} 6... Bxd8 7. Nxe5 O-O 8. Bc4 Be6 9. Bxe6 fxe6 10. Be3 Na6 11. Rd1 b6 12. a3 c5 13. O-O Bc7 14. Nd7 Nxd7 15. Rxd7 h6 16. f4 e5 17. f5 Rad8 18. Rfd1 Rxd7 19. Rxd7 Rb8 20. Nd5 Bd8 21. Rxa7 {1-0 Abia Herra,L-Gil Dominguez,A Valladolid CC Social 07th 1978 (7)}) 7. Nxe5 Rf8 8. Bc4 Be6 9. Be3 Bxc4 10. Nxc4 Nbd7 11. O-O h6 12. e5 Ng4 13. Bf4 g5 14. Bg3 Bc5 15. h3 Ngxe5 16. Bxe5 Nxe5 17. Nxe5 Ke7 18. Rfe1 Kf6 19. Nd7+ Kg7 20. Nxc5 b6 21. N5e4 Rfd8 1-0

[Event "Olympiad Women 2024"]
[Site "Budapest HUN"]
[Date "2024.09.12"]
[Round "2.49"]
[Board "3"]
[White "Muratet Carmona, Alexandra"]
[Black "Almeida, Jacira Laura"]
[Result "1-0"]
[WhiteElo "1796"]
[BlackElo "1616"]
[PlyCount "31"]
[EventDate "2024.09.11"]
[WhiteTeam "Andorra"]
[BlackTeam "Cape Verde"]
[WhiteTeamCountry "AND"]

1. e4 e5 2. Nf3 Nc6 3. Bc4 Bc5 4. d3 h6 5. c3 Nf6 6. O-O d5 7. exd5 Nxd5 8. b4 Bb6 9. b5 Na5 10. Nxe5 Nxc4 11. dxc4 f6 12. Qh5+ g6 $146 ({RR} 12... Ke7 13. Qf7+ Kd6 14. Qxd5+ Ke7 15. Ng6+ {1-0 Moraes,M (1846)-Bueno,D (1778) Catarinense-ch 28th 2002 (6)}) 13. Qxg6+ Ke7 14. Qf7+ Kd6 15. Qxd5+ Ke7 16. Ng6+ 1-0

[Event "Olympiad Women 2024"]
[Site "Budapest HUN"]
[Date "2024.09.12"]
[Round "2.49"]
[Board "4"]
[White "Moreno, Akiane"]
[Black "Real Puigdollers, Silvia"]
[Result "0-1"]
[WhiteElo "1547"]
[BlackElo "1781"]
[PlyCount "70"]
[EventDate "2024.09.11"]
[WhiteTeam "Cape Verde"]
[BlackTeam "Andorra"]
[BlackTeamCountry "AND"]

1. e4 d6 2. Nf3 e5 3. Nc3 Nf6 4. d4 Nbd7 5. Bg5 Be7 6. d5 ({RR} 6. dxe5 dxe5 7. Bc4 O-O 8. O-O c6 9. a4 Qc7 10. Qe2 Nc5 11. Rfd1 a5 12. h3 Be6 13. Bxe6 Nxe6 14. Qc4 Rad8 15. Rxd8 Rxd8 16. Rd1 Rxd1+ 17. Nxd1 {½-½ Mellado Trivino,J (2382)-Matamoros Franco,C (2510) Seville Mercantil op 2nd 2006 (3)}) 6... c6 ({RR} 6... O-O 7. Bd3 c6 8. Qd2 Re8 9. O-O-O cxd5 10. exd5 Nc5 11. Bxf6 Bxf6 12. Ne4 Bg4 13. Kb1 Nxd3 14. Qxd3 Bf5 15. h3 Bxe4 16. Qxe4 Qb6 17. Rd2 Rac8 18. g4 g6 19. g5 Bg7 20. c4 Rf8 21. h4 {0-1 Cieslak,W (1927)-Bangiev,A (1711) IV FIA 2024 Lanzarote ESP (5.10)}) 7. Be2 Qc7 8. h3 $146 ({RR} 8. O-O h6 9. Bxf6 Nxf6 10. Qd2 a6 11. h3 c5 12. Nh2 g5 13. a4 Nd7 14. Bh5 Nf8 15. Qe3 Ng6 16. Qf3 Nf4 17. Ne2 Rg8 18. Ng3 Bf8 19. Bg4 Bg7 20. Bxc8 Rxc8 21. Nf5 h5 22. g4 h4 {1-0 Cortez Ruiz,L (1400)-Delgado,E (1557) Managua Gomez Argenal Memorial 19th 2019 (9)}) 8... h6 9. Bxf6 Nxf6 10. Qd2 Bd7 11. b3 a6 12. O-O-O c5 13. Qe3 b5 14. g4 g5 15. a3 b4 16. axb4 cxb4 17. Na2 a5 18. Bc4 Rb8 19. Kd2 Qc5 20. Qxc5 Nxe4+ 21. Ke2 Nxc5 22. Rhg1 Bd8 23. h4 gxh4 24. g5 e4 25. Rde1 exf3+ 26. Kxf3+ Kf8 27. g6 fxg6 28. Rxg6 Bg5 29. Rxd6 Re8 30. Rxe8+ Kxe8 31. Rb6 Rf8+ 32. Kg2 h3+ 33. Kg3 Bf4+ 34. Kh4 h2 35. Rb8+ Bxb8 0-1

[Event "Olympiad Women 2024"]
[Site "Budapest HUN"]
[Date "2024.09.12"]
[Round "2.50"]
[Board "1"]
[White "Al Aisaee, Anat"]
[Black "Marape, Naledi"]
[Result "0-1"]
[WhiteElo "1608"]
[BlackElo "1926"]
[PlyCount "64"]
[EventDate "2024.09.11"]
[WhiteTeam "Oman"]
[BlackTeam "Botswana"]
[WhiteTeamCountry "OMN"]
[BlackTeamCountry "BOT"]

1. e4 c5 2. Nf3 d6 3. d4 cxd4 4. Nxd4 Nf6 5. Nc3 a6 6. Bd3 e5 7. Nf5 Bxf5 8. exf5 d5 ({RR} 8... Be7 9. O-O O-O 10. Bg5 d5 11. Bxf6 Bxf6 12. Be2 d4 13. Ne4 Nd7 14. Bd3 Rc8 15. Qh5 Nc5 16. Rfc1 Nxe4 17. Bxe4 Qb6 18. b3 h6 19. Qf3 Rc3 20. Bd3 Rfc8 21. Re1 Qb4 22. Qe4 Qb6 23. Kh1 {½-½ Blinova,S (1727)-Shanmathi Sree S (1903) Swiss Queens Wed #26 2024 (11.8)}) 9. O-O ({RR} 9. Bg5 Bb4 10. O-O Nc6 11. Bxf6 gxf6 12. Qg4 Qa5 13. Nd1 Bd2 14. c3 h5 15. Qe2 Bg5 16. b4 Qc7 17. b5 axb5 18. Bxb5 Kf8 19. Ne3 Ne7 20. c4 Bxe3 21. fxe3 Qc5 22. a4 Rd8 23. Rad1 Kg7 {½-½ Grischuk,A (2785)-Nepomniachtchi,I (2717) World Cup ACP rapid 2013 (4.1)}) 9... e4 10. Re1 $146 ({RR} 10. Be2 d4 11. Nb1 Bc5 12. Bg5 h6 13. Bh4 Nbd7 14. Nd2 e3 15. fxe3 dxe3 16. Nc4 Qc7 17. Qd3 Ng4 18. Bg3 Qc6 19. Bxg4 e2+ 20. Rf2 O-O 21. Ne3 Rfe8 22. Rxe2 Rad8 23. Bf2 Ne5 24. Qc3 Nxg4 {1-0 Alonso Centeno,J-Diaz Calles,F Valladolid CC Reloj Justina 20th 1991 (2)}) ({RR} 10. Qe2 Be7 11. Nxe4 dxe4 12. Bxe4 Nxe4 13. Qxe4 Nc6 14. Bg5 O-O 15. Bxe7 Qxe7 16. Qg4 Rfe8 17. f6 Qxf6 18. Rad1 Ne5 19. Qd4 Rad8 20. Qc3 h5 21. f4 Qb6+ 22. Kh1 Ng4 23. h3 Rxd1 24. Rxd1 Nf2+ {0-1 Schroeter,R (1071)-Fabregas,O (1858) Cologne Longerich op 6th 2009 (3)}) 10... Be7 11. Bf1 h6 12. g3 O-O 13. Be3 Nc6 14. Ne2 Qd7 15. Bh3 Ne5 16. Nd4 Nc4 17. Bc1 Bc5 18. c3 Ne5 19. Bg2 Nd3 20. Re2 Bxd4 21. cxd4 Qxf5 22. Qb3 Rfc8 23. Bd2 Ng4 24. Rf1 Nxh2 25. Rd1 Qh5 26. Rde1 Nxe1 27. Rxe1 b5 28. Bf4 Ng4 29. Rd1 Rc4 30. Kf1 Rac8 31. Rd2 Nh2+ 32. Ke1 Nf3+ 0-1

[Event "Olympiad Women 2024"]
[Site "Budapest HUN"]
[Date "2024.09.12"]
[Round "2.50"]
[Board "2"]
[White "Gabatshwarwe Refilwe"]
[Black "Al Nadabi, Yomna"]
[Result "1-0"]
[WhiteElo "1787"]
[BlackElo "1612"]
[PlyCount "87"]
[EventDate "2024.09.11"]
[WhiteTeam "Botswana"]
[BlackTeam "Oman"]
[WhiteTeamCountry "BOT"]
[BlackTeamCountry "OMN"]

1. d4 Nf6 2. Bf4 g6 3. e3 Bg7 4. Nf3 d6 5. c3 b6 ({RR} 5... Nh5 6. Bg5 h6 7. Bh4 g5 8. Nfd2 Nf6 9. Bg3 e6 10. Bd3 Nc6 11. Na3 Qe7 12. e4 Bd7 13. Qe2 O-O-O 14. O-O-O Nh7 15. Nac4 Nf8 16. e5 d5 17. Ne3 Ng6 18. Nb3 Nb8 19. Kb1 h5 20. h3 {1-0 Deviatkin,A (2521)-Smirnov,A (2405) St Petersburg Viking 2005 (10)}) ({RR} 5... Nbd7 6. Bd3 c6 7. h3 O-O 8. g4 Re8 9. g5 Nh5 10. Bh2 e5 11. Qc2 exd4 12. cxd4 Nf8 13. h4 Ne6 14. Nbd2 Nxd4 15. Nxd4 Bxd4 16. O-O-O Bg7 17. Ne4 d5 18. Ng3 Nxg3 19. Bxg3 Qa5 20. Kb1 {0-1 Pinto,P-Lunelli,N (1799) 9th Floripa Open 2023 (1.215)}) 6. Nbd2 Nbd7 7. h3 O-O $146 ({RR} 7... Bb7 8. a4 a6 9. Bh2 O-O 10. Bc4 c5 11. O-O d5 12. Be2 Rc8 13. Qb3 Re8 14. Rfd1 c4 15. Qc2 b5 16. b3 Bc6 17. bxc4 bxc4 18. a5 h6 19. Ne5 Bb5 20. e4 Nxe4 21. Nxe4 dxe4 22. Qxe4 {½-½ Nikolov,S (2358)-Borisenko,A (2413) Varna op-A 8th 2014 (5)}) 8. Qc2 Re8 9. Bb5 a6 10. Bc6 Ra7 11. O-O Bb7 12. Bxb7 Rxb7 13. Rfd1 e5 14. dxe5 dxe5 15. Bh2 Qe7 16. e4 b5 17. Nb3 c5 18. c4 bxc4 19. Na5 Rb5 20. Nxc4 Rd8 21. Nfxe5 Nxe5 22. Rxd8+ Qxd8 23. Bxe5 Qe7 24. Re1 Qe6 25. b3 Bf8 26. Qd3 Nd7 27. Bg3 Nb6 28. Nxb6 Qxb6 29. Rd1 Ra5 30. a4 Be7 31. Qd5 Bf6 32. e5 c4 33. Qa8+ Kg7 34. exf6+ Qxf6 35. bxc4 Rxa4 36. Qe8 Ra5 37. Bd6 Kh6 38. Bf8+ Kh5 39. g4+ Kg5 40. Be7 Re5 41. Bxf6+ Kxf6 42. Rd6+ Re6 43. Rxe6+ fxe6 44. c5 1-0

[Event "Olympiad Women 2024"]
[Site "Budapest HUN"]
[Date "2024.09.12"]
[Round "2.50"]
[Board "3"]
[White "Al Ghafri, Alanoud"]
[Black "Banda Natalie Katlo"]
[Result "0-1"]
[WhiteElo "1546"]
[BlackElo "1893"]
[PlyCount "82"]
[EventDate "2024.09.11"]
[WhiteTeam "Oman"]
[BlackTeam "Botswana"]
[WhiteTeamCountry "OMN"]
[BlackTeamCountry "BOT"]

1. e4 c6 2. d4 d5 3. Nc3 dxe4 4. Nxe4 Nd7 5. Nf3 Ngf6 6. Ng3 e6 7. Bf4 Qb6 ({RR} 7... Be7 8. Bc4 O-O 9. Qe2 Nb6 10. Bb3 Nbd5 11. Bg5 Qc7 12. O-O-O b5 13. c3 a5 14. Bc2 a4 15. Qd3 Nf4 16. Bxf4 Qxf4+ 17. Kb1 b4 18. Nh5 Qh6 19. Nxf6+ gxf6 20. cxb4 Bxb4 21. g4 Ba6 22. Qe4 {1-0 Zierk,S (2385)-Zhang,K (2236) US Open-111 Irvine 2010 (3)}) ({RR} 7... Be7 8. Bc4 O-O 9. O-O c5 10. Re1 Nb6 11. Bf1 Nbd5 12. Be5 Ng4 13. h3 Nxe5 14. dxe5 b6 15. Qe2 Qc7 16. Rad1 Bb7 17. a3 Rad8 18. h4 Nf4 19. Qe3 Nd5 20. Qc1 Qc6 21. c4 Nc7 22. Qf4 {1-0 Bermudez Zamboni,P (1780)-Botello,G (1882) COL-ch U2000 2022 (8)}) 8. b3 Nd5 $146 ({RR} 8... c5 9. Be3 Nd5 10. dxc5 Bxc5 11. Bxc5 Qxc5 12. c4 N5f6 13. Bd3 b6 14. Ne4 Qe7 15. O-O Bb7 16. Re1 O-O 17. Qe2 Rfd8 18. Rad1 Nc5 19. Nxf6+ Qxf6 20. Ne5 Nxd3 21. Rxd3 Rxd3 22. Qxd3 Rd8 23. Qe3 {½-½ Pulido,D (2010)-Franco Valencia,B (2159) Pamplona IRT rap op (Women) 2012 (9)}) ({RR} 8... c5 9. c3 cxd4 10. cxd4 Nd5 11. Bd2 Ba3 12. Rb1 Bb4 13. Qc2 N7f6 14. Bc4 O-O 15. O-O Bd7 16. Bxb4 Nxb4 17. Qe2 Rad8 18. Rfd1 Bc6 19. Ne5 Rfe8 20. a3 Nbd5 21. Qc2 Ne7 22. Ne2 Be4 23. Bd3 {0-1 Nikolic,S (1968)-Cojhter,K (2109) Sentjur Ipavec Memorial 11th 2010 (3)}) 9. Bd2 c5 10. Bc4 N7f6 11. dxc5 Bxc5 12. O-O O-O 13. c3 Rd8 14. Qc2 Ng4 15. Ne4 Be7 16. Bg5 Ndf6 17. h3 Nh6 18. Nxf6+ Bxf6 19. Bxf6 gxf6 20. Qe4 e5 21. Rad1 Bf5 22. Qh4 Kg7 23. g4 Be4 24. g5 Bxf3 25. Qxh6+ Kh8 26. Rxd8+ Qxd8 27. Bxf7 fxg5 28. Kh2 Qe7 29. Bc4 e4 30. Rg1 g4 31. hxg4 Qe5+ 32. Rg3 b5 33. Be6 Qxc3 34. g5 Qg7 35. Qh3 Qb2 36. Qf1 Qe5 37. Bh3 Rg8 38. Qg1 Rxg5 39. Bf1 Rh5+ 40. Bh3 Rxh3+ 41. Kxh3 Qh5# 0-1

[Event "Olympiad Women 2024"]
[Site "Budapest HUN"]
[Date "2024.09.12"]
[Round "2.50"]
[Board "4"]
[White "Mosweu, Atlang Amolemo"]
[Black "Al Bulushi, Rawan"]
[Result "1/2-1/2"]
[WhiteElo "1797"]
[BlackElo "1560"]
[PlyCount "66"]
[EventDate "2024.09.11"]
[WhiteTeam "Botswana"]
[BlackTeam "Oman"]
[WhiteTeamCountry "BOT"]
[BlackTeamCountry "OMN"]

1. d4 Nf6 2. Bf4 g6 3. e3 Bg7 4. Nf3 d6 5. h3 b6 6. c3 Bb7 7. Nbd2 O-O 8. Qc2 Nbd7 9. Be2 Re8 10. O-O $146 ({RR} 10. Bh2 e5 11. O-O e4 12. Ne1 Qe7 13. Qb3 Nf8 14. c4 a5 15. a4 N8d7 16. Nc2 Rf8 17. f4 exf3 18. Bxf3 Bxf3 19. Rxf3 Ne4 20. Nxe4 Qxe4 21. Re1 Rae8 22. Qc3 Nc5 23. b3 Ne6 24. Qd2 f5 {0-1 Soeder,W (1807)-Stark,B (1792) Niederbayernliga 1516 2015 (4.7)}) 10... e5 11. dxe5 Nxe5 12. Rad1 Nxf3+ 13. Nxf3 Qc8 14. Qb3 a5 15. a3 a4 16. Qc2 Ra5 17. Nd4 Re7 18. Bf3 Bxf3 19. Nxf3 Ne4 20. Nd4 Qb7 21. f3 Nf6 22. e4 Nh5 23. Bh2 Bh6 24. Qd3 Nf4 25. Bxf4 Bxf4 26. Ne2 Bh6 27. Ng3 Qa6 28. Qxa6 Rxa6 29. Kf2 Ra5 30. Rfe1 Rb5 31. Re2 Bg7 32. Nf1 Rd7 33. Ne3 c6 1/2-1/2

[Event "Olympiad Women 2024"]
[Site "Budapest HUN"]
[Date "2024.09.12"]
[Round "2.51"]
[Board "1"]
[White "Quevedo, Andreina"]
[Black "Alazmi, Amani"]
[Result "1-0"]
[WhiteElo "1851"]
[BlackElo "1673"]
[PlyCount "73"]
[EventDate "2024.09.11"]
[WhiteTeam "Uruguay"]
[BlackTeam "Kuwait"]
[WhiteTeamCountry "URU"]
[BlackTeamCountry "KUW"]

1. e4 c5 2. Nf3 Nc6 3. Bb5 d6 4. O-O Bd7 5. Re1 e5 6. c3 Be7 7. d4 Qc7 8. d5 Nb8 9. Bxd7+ Nxd7 10. c4 $146 ({RR} 10. a4 h6 11. Na3 a6 12. Nc4 Ngf6 13. a5 O-O 14. Nh4 Rfe8 15. Nf5 Bf8 16. Qf3 Kh7 17. g4 g6 18. Ng3 Re7 19. g5 hxg5 20. Bxg5 Bg7 21. Nb6 Ree8 22. Nxa8 Rxa8 23. h4 Rh8 24. h5 gxh5 {1-0 Dornelles,M (1960)-Brito,L (2255) Joao Pessoa op 6th 2015 (3)}) 10... Ngf6 11. Nc3 O-O 12. a4 a6 13. a5 h6 14. Nh4 Rfe8 15. Nf5 Bf8 16. Qf3 Kh7 17. Qh3 Ng8 18. g4 f6 19. Qg3 g6 20. Ne3 Ne7 21. h4 Bg7 22. Bd2 Rh8 23. Na4 Kg8 24. b4 Kf7 25. Reb1 Rag8 26. bxc5 Nxc5 27. Nxc5 dxc5 28. Ra3 f5 29. Qf3 Bf6 30. Rab3 Rb8 31. exf5 gxf5 32. Nxf5 Nxf5 33. Qxf5 Kg7 34. Rb6 Rhf8 35. g5 hxg5 36. hxg5 Be7 37. Rg6+ 1-0

[Event "Olympiad Women 2024"]
[Site "Budapest HUN"]
[Date "2024.09.12"]
[Round "2.51"]
[Board "2"]
[White "Alazemi, Aisha"]
[Black "Silva Rosas, Natalia"]
[Result "0-1"]
[WhiteElo "1539"]
[BlackElo "1868"]
[PlyCount "66"]
[EventDate "2024.09.11"]
[WhiteTeam "Kuwait"]
[BlackTeam "Uruguay"]
[WhiteTeamCountry "KUW"]
[BlackTeamCountry "URU"]

1. e4 d5 2. exd5 Qxd5 3. Nc3 Qd6 4. Nf3 c6 5. d4 Bg4 6. Bc4 ({RR} 6. Be2 Nf6 7. h3 Bxf3 8. Bxf3 e6 9. O-O Nbd7 10. Re1 O-O-O 11. Be3 Qc7 12. Qe2 Bd6 13. Qc4 Nb6 14. Qb3 Bh2+ 15. Kh1 Bf4 16. Ne4 Nxe4 17. Bxe4 g5 18. a4 Nd7 19. a5 a6 20. Ra4 Nf6 {½-½ Gallagher,J (2514)-Cicak,S (2543) Bundesliga 0001 2000 (3.3)}) 6... e6 7. O-O ({RR} 7. Be3 Nf6 8. h3 Bh5 9. g4 Bg6 10. Bb3 Nbd7 11. Qe2 Qc7 12. O-O-O O-O-O 13. Ne5 Nb6 14. h4 Be4 15. Nxe4 Nxe4 16. Bf4 Nf6 17. Ng6 Bd6 18. Bxd6 Qxd6 19. Nxh8 Rxh8 20. g5 Ne8 21. Qe5 Nd7 {1-0 Argote Heredia,V (2144)-Silva,N (1868) Olympiad Women 2024 (4.40)}) 7... Nf6 8. Re1 $146 ({RR} 8. Bg5 Be7 9. h3 Bxf3 10. Qxf3 Qxd4 11. Bb3 Nbd7 12. Rad1 Qc5 13. Qg3 Nh5 14. Qc7 Nhf6 15. Be3 Qe5 16. Qxb7 Rb8 17. Qxc6 O-O 18. Bxa7 Rbc8 19. Qf3 Bd6 20. g3 Bb4 21. Bd4 Qa5 22. Ne4 e5 {1-0 Mateus,M (2226)-Martinez,M American Continental 01st 2001 (4)}) ({RR} 8. Bg5 Be7 9. h3 h5 10. Bh4 Bxf3 11. Qxf3 Qxd4 12. Bxf6 Bxf6 13. Bd3 Nd7 14. Rad1 Ne5 15. Qe2 Qf4 16. Ne4 O-O-O 17. b4 Nxd3 18. Rxd3 Rxd3 19. Qxd3 Rd8 20. Qe3 Be5 21. Qxf4 Bxf4 22. g3 Bh6 {0-1 Hetesi,Z (1546)-Salem,B Budapest FS06 FM-B 2010 (7)}) 8... Be7 9. g3 Qc7 10. Qd3 Nbd7 11. Bf4 Bd6 12. Ne5 O-O 13. Ne4 Nxe4 14. Rxe4 Bf5 15. Rae1 Nf6 16. f3 Nd5 17. Qd2 Bxe4 18. Rxe4 Rad8 19. Bh6 Ne7 20. Bxg7 Kxg7 21. Qg5+ Ng6 22. Ng4 f5 23. Qh6+ Kh8 24. Rxe6 Qg7 25. Rxg6 Qxg6 26. Qxg6 hxg6 27. Nf2 c5 28. c3 cxd4 29. cxd4 a6 30. Nd3 Rfe8 31. Kg2 Re2+ 32. Kh3 Kg7 33. Nf4 Rh8+ 0-1

[Event "Olympiad Women 2024"]
[Site "Budapest HUN"]
[Date "2024.09.12"]
[Round "2.51"]
[Board "3"]
[White "Cardozo, Camila"]
[Black "Nema, Rabab"]
[Result "0-1"]
[WhiteElo "1673"]
[BlackElo "1601"]
[PlyCount "76"]
[EventDate "2024.09.11"]
[WhiteTeam "Uruguay"]
[BlackTeam "Kuwait"]
[WhiteTeamCountry "URU"]
[BlackTeamCountry "KUW"]

1. d4 Nf6 2. Nf3 g6 3. c4 Bg7 4. Nc3 O-O 5. e4 d6 6. Be2 e5 7. d5 a5 8. Bg5 h6 9. Bh4 Na6 10. Nd2 Qe8 11. O-O Nh7 12. a3 h5 13. f3 Bd7 14. b3 Bh6 15. Rb1 Be3+ 16. Kh1 Bc5 17. Qc1 f5 18. Na2 g5 19. Bf2 Bxf2 20. Rxf2 f4 21. b4 axb4 22. axb4 g4 23. fxg4 $146 ({RR} 23. Nf1 Qg6 24. Bd3 Rf7 25. c5 gxf3 26. c6 Rg7 27. g3 bxc6 28. dxc6 Be6 29. Bc4 Ng5 30. Bxe6+ Qxe6 31. Nc3 Rf8 32. Ra2 h4 33. gxf4 Nh3 34. Ne3 Qxa2 {0-1 Sertic,R (2401)-Jovanovic,Z (2553) Djakovo vezovi op-A 2011 (2)}) 23... hxg4 24. c5 Qg6 25. c6 bxc6 26. dxc6 Be6 27. Bc4 Nb8 28. Bxe6+ Qxe6 29. Nb3 Ng5 30. Qc2 Qh6 31. Kg1 g3 32. hxg3 fxg3 33. Rxf8+ Kxf8 34. Kf1 Qh1+ 35. Ke2 Qxg2+ 36. Kd3 Qxe4+ 37. Kd2 Nf3+ 38. Kc3 Qxc2+ 0-1